Missing Word: Michigan A-Z Quiz Stats

 Plays Quiz not verified by Sporcle

Score 0/24 Timer 04:00
0 Plays Today
Hint Answer % Correct
Ann _____ is the home of the University of MichiganArbor
97%
_____ Rapids is the second largest city in MichiganGrand
95.3%
_____ Motor Company based in Dearborn, MichiganFord
94.6%
Basketball hall of famer Earvin 'Magic' _____Johnson
94.6%
Singer Madonna is often referred to as the _____ of PopQueen
94.3%
Lake _____ borders much of northeast MichiganHuron
93.6%
Common nickname for Detroit, _____ CItyMotor
93.2%
_____ is the capital of MichiganLansing
92.9%
The state of _____ borders southeastern MichiganOhio
92.6%
Martin _____ Buren was president when Michigan gained statehoodVan
90.9%
Frosted Flakes maker, _____ is based in MichiganKellogg's
90.5%
NHL team, Detroit Red _____Wings
88.5%
Hint Answer % Correct
NBA team, Detroit _____Pistons
87.8%
Tonight Show co-host _____ McMahonEd
86.1%
Filmmaker Francis Ford _____Coppola
85.1%
Michigan's state flower is the apple _____Blossom
80.4%
_____ Michigan borders the state of WisconsinUpper
78.7%
'My Girl' singing group The _____Temptations
77.4%
_____ Royale National ParkIsle
54.7%
_____ Heights is the fourth biggest city in MichiganSterling
45.6%
Sleeping Bear _____ National LakeshoreDunes
43.2%
Pictured _____ National LakeshoreRocks
33.8%
_____ is a common demonym for residents of the Upper Peninsula Yooper
29.1%
Actor and wrestler Kevin Scott ___ also known as DieselNash
19.6%

You're not logged in!

Compare scores with friends on all Sporcle quizzes.
OR
Log In

Sporcle TV

Today on Sporcle TV


Watch our educational content, quiz creation guides, and fun videos on Sporcle TV.

Show Comments

Extras

Top Quizzes Today


Score Distribution

Your Account Isn't Verified!

In order to create a playlist on Sporcle, you need to verify the email address you used during registration. Go to your Sporcle Settings to finish the process.

Report this User

Report this user for behavior that violates our Community Guidelines.

Details: